Countries you can fly to from Helsinki Airport (HEL) - Statistics

General Stats
  • This quiz has been taken 40 times
  • The average score is 43 of 46
Answers on the Map
Answers color-coded by a green-red scale on the quiz's map according to % correct below.
 
Answer Stats
Number of destinations Country % Correct
2 Belgium
100%
1 Canada
100%
2 Estonia
100%
15 Finland
100%
2 France
100%
5 Germany
100%
8 Greece
100%
12 Italy
100%
1 Latvia
100%
6 Norway
100%
4 Poland
100%
3 Portugal
100%
10 Spain
100%
4 Sweden
100%
4 Turkey
100%
5 United Kingdom
100%
6 United States
100%
3 Austria
97%
3 China
97%
3 Croatia
97%
2 Denmark
97%
1 Iceland
97%
1 Ireland
97%
4 Japan
97%
1 Lithuania
97%
1 Romania
97%
2 Switzerland
97%
1 Netherlands
94%
1 Slovenia
94%
1 South Korea
94%
1 Albania
91%
1 Bulgaria
91%
1 Czechia
91%
1 Egypt
91%
1 India
91%
2 Morocco
91%
1 United Arab Emirates
91%
1 Hungary
88%
1 Qatar
88%
1 Malta
85%
3 Thailand
82%
1 Cyprus
79%
1 Luxembourg
79%
1 Montenegro
71%
1 Kosovo
68%
1 Singapore
68%
No matching quizzes found
Score Distribution
Percent of People with Each Score
Percentile by Number Answered
Your Score History
You have not taken this quiz